000 00194 a2200097 4500
001 7840
100 _aGeene, F
245 _aThe wall has two sides
260 _a
_bCape
_c
090 _c6289
_d6289
942 _aNUST-CAE
_cM
_c32810
999 _c242913
_d242913